INTERNATIONAL POLITICS POWER AND PURPOSE IN GLOBAL AFFAIRS / (Record no. 616176)

000 -LEADER
fixed length control field 00410nam a22001457a 4500
020 ## - INTERNATIONAL STANDARD BOOK NUMBER
Qualifying information PB.
040 ## - CATALOGING SOURCE
Transcribing agency FIZZA ISHAQ
082 ## - DEWEY DECIMAL CLASSIFICATION NUMBER
Classification number 327
Author Mark JAC
100 ## - MAIN ENTRY--PERSONAL NAME
Personal name COURTNEY,JACEY.
9 (RLIN) 133155
245 ## - TITLE STATEMENT
Title INTERNATIONAL POLITICS POWER AND PURPOSE IN GLOBAL AFFAIRS /
Statement of responsibility, etc. PAUL D'ANIERI.
250 ## - EDITION STATEMENT
Edition statement 2ND ED.
260 ## - PUBLICATION, DISTRIBUTION, ETC.
Place of publication, distribution, etc. CANADA ;
Name of publisher, distributor, etc. WADSWORTH CENGAGE LEARNING ,
Date of publication, distribution, etc. 2012.
300 ## - PHYSICAL DESCRIPTION
Extent 479 P. ;
Dimensions 9.8X7.9IN
942 ## - ADDED ENTRY ELEMENTS (KOHA)
Source of classification or shelving scheme
Koha item type Book
Holdings
Withdrawn status Lost status Source of classification or shelving scheme Damaged status Not for loan Permanent Location Current Location Shelving location Date acquired Total Checkouts Full call number Barcode Date last seen Price effective from Koha item type
          NUST Baluchistan Campus (NBC) NUST Baluchistan Campus (NBC) Text Books 02/11/2026   327 JAC QD-850 02/11/2026 02/11/2026 Book
© 2023 Central Library, National University of Sciences and Technology. All Rights Reserved.